[Event "GER-chT U14 Girls"]
[Site "Dittrichshuette"]
[Date "2005.12.29"]
[Round "5.1"]
[White "Backer, Julia"]
[Black "Wild, Katharina"]
[Result "0-1"]
[WhiteElo "1571"]
[BlackElo "1387"]
[PlyCount "108"]
[EventDate "2005.12.27"]
[EventType "team-swiss"]
[EventRounds "6"]
[EventCountry "GER"]
[SourceTitle "CBM 110 Extra"]
[Source "ChessBase"]
[SourceDate "2006.03.10"]
[SourceVersion "2"]
[SourceVersionDate "2006.03.10"]
[SourceQuality "1"]
[WhiteTeam "Kronach U14 Girls"]
[BlackTeam "Nordhorn Blanke U14 Girls"]
[WhiteTeamCountry "GER"]
[BlackTeamCountry "GER"]

1. e4 c6 2. d4 d5 3. exd5 cxd5 4. Bd3 Nf6 5. Bf4 Bg4 6. f3 Bd7 7. Ne2 Nc6 8. c3 e6 9. 0-0 Qb6 10. Qb3 Qxb3 11. axb3 h6 12. Na3 a6 13. Nb5 Rc8 14. Nd6+ Bxd6 15. Bxd6 Na7 16. c4 Nh7 17. Nf4 Nc6 18. Bc5 Nf8 19. Rfe1 dxc4 20. bxc4 Nd8 21. Nh5 Rg8 22. Ng3 f6 23. Ne4 Nf7 24. f4 f5 25. Nd6+ Nxd6 26. Bxd6 Kf7 27. d5 Re8 28. Re2 Ng6 29. Rae1 exd5 30. cxd5 Rxe2 31. Rxe2 Re8 32. Rc2 Rc8 33. Rxc8 Bxc8 34. Kf2 Ne7 35. Bc4 b5 36. Ba2 Bb7 37. Bxe7 Kxe7 38. Ke3 Kd6 39. Kd4 a5 40. Bb3 a4 41. Ba2 g5 42. fxg5 hxg5 43. g3 f4 44. gxf4 gxf4 45. Ke4 f3 46. Kxf3 Bxd5+ 47. Bxd5 Kxd5 48. h4 b4 49. h5 Ke5 50. h6 Kf6 51. h7 Kg7 52. Ke3 a3 53. h8Q+ Kxh8 54. bxa3 bxa3 0-1